Estudio y comprensión de la sociedad 5º básico: texto para el estudiante
Guardat en:
| Autors principals: | , |
|---|---|
| Format: | Llibre |
| Idioma: | espanyol |
| Publicat: |
Madrid
Mare Nostrum
2002
|
| Edició: | 1a. ed |
| Matèries: | |
| Etiquetes: |
Afegir etiqueta
Sense etiquetes, Sigues el primer a etiquetar aquest registre!
|
MARC
| LEADER | 00000nam a2200000 a 4500 | ||
|---|---|---|---|
| 001 | UCL9822 | ||
| 003 | CL-VaPUC | ||
| 008 | 040827e20020000SP |||||||||||||||||spa|d | ||
| 020 | |a 8495509369 | ||
| 082 | 0 | 4 | |a 372.83 |b RAM |2 21 |
| 100 | 0 | |a Ramírez Morales, Fernando |e author |9 487721 | |
| 700 | 0 | |a Silva Villalobos, Victoria |e author |9 487722 | |
| 245 | 1 | 0 | |a Estudio y comprensión de la sociedad 5º básico: texto para el estudiante |
| 250 | |a 1a. ed | ||
| 300 | |a 191 p | ||
| 942 | |c BK | ||
| 945 | |d 20040827 00:00:00 |a cmena | ||
| 260 | |a Madrid |b Mare Nostrum |c 2002 | ||
| 650 | 0 | |a Educación básica |9 224933 | |
| 650 | 0 | |a Educación cívica |9 314665 | |
| 650 | 0 | |a Métodos de enseñanza |9 270413 | |
| 650 | 0 | |a Libros de texto |9 270019 | |
| 650 | 0 | |a Enseñanza de la geografía |9 310005 | |
| 650 | 0 | |a Desarrollo social |9 264534 | |
| 650 | 0 | |a Enseñanza de la historia |9 307330 | |
| 583 | |a last modification |c 20180314 11:20:29 |k Rodrigo Vera | ||
| 999 | |c 310465 |d 310463 | ||
| 952 | |0 0 |1 0 |4 0 |6 372_830000000000000_RAM_2002 |7 0 |8 A |9 378925 |a BIBHIS |b BIBHIS |d 2019-11-21 |i 4052692 |o 372.83 RAM 2002 |p 4052692 |r 2025-01-20 |w 2019-11-21 |y BK |k HIS | ||
| 952 | |0 0 |1 0 |4 0 |6 372_830000000000000_RAM_2002 |7 0 |8 A |9 378926 |a BIBHIS |b BIBHIS |d 2019-11-21 |i 4052706 |o 372.83 RAM 2002 |p 4052706 |r 2025-01-20 |w 2019-11-21 |y BK |k HIS | ||
| 952 | |0 0 |1 0 |4 0 |6 372_830000000000000_RAM_2002 |7 0 |8 A |9 378927 |a BIBHIS |b BIBHIS |d 2019-11-21 |i 4052714 |o 372.83 RAM 2002 |p 4052714 |r 2025-01-20 |w 2019-11-21 |y BK |k HIS | ||
| 952 | |0 0 |1 0 |4 0 |6 372_830000000000000_RAM_2002 |7 0 |8 A |9 378928 |a BIBHIS |b BIBHIS |d 2019-11-21 |i 4052722 |o 372.83 RAM 2002 |p 4052722 |r 2025-01-20 |w 2019-11-21 |y BK |k HIS | ||
| 952 | |0 0 |1 0 |4 0 |6 372_830000000000000_RAM_2002 |7 0 |8 A |9 378929 |a BIBHIS |b BIBHIS |d 2019-11-21 |i 4052730 |o 372.83 RAM 2002 |p 4052730 |r 2025-01-20 |w 2019-11-21 |y BK |k HIS | ||
| 952 | |0 0 |1 0 |4 0 |6 372_830000000000000_RAM_2002 |7 0 |8 A |9 378930 |a BIBHIS |b BIBHIS |d 2019-11-21 |i 4052749 |o 372.83 RAM 2002 |p 4052749 |r 2025-01-20 |w 2019-11-21 |y BK |k HIS | ||
| 952 | |0 0 |1 0 |4 0 |6 372_830000000000000_RAM_2002 |7 0 |8 P |9 378931 |a BIBEDU |b BIBEDU |d 2019-11-21 |i 4194926 |o 372.83 RAM 2002 |p 4194926 |r 2019-11-21 |w 2019-11-21 |y BK |k EBA | ||
| 952 | |0 0 |1 0 |4 0 |6 372_830000000000000_RAM_2002 |7 0 |8 P |9 378932 |a BIBEDU |b BIBEDU |c BIBEDU_PB |d 2019-11-21 |i 4222288 |o 372.83 RAM 2002 |p 4222288 |r 2024-01-25 |w 2019-11-21 |y BK |k EBA | ||
| 952 | |0 0 |1 0 |4 0 |6 372_830000000000000_RAM_2002 |7 0 |8 P |9 378933 |a BIBEDU |b BIBEDU |c BIBEDU_PB |d 2019-11-21 |i 4222296 |o 372.83 RAM 2002 |p 4222296 |r 2024-01-25 |w 2019-11-21 |y BK |k EBA | ||